000 00378pam a2200157a 44500
008 230515b1952 xxu||||| |||| 00| 0 eng d
020 _aNULL
041 _aENGLISH
082 _a1
100 _aWARNER
245 _aSAVILLS SYSTEM OF CLINICAL MEDICINE
250 _a1
260 _aAHMEDNAGAR
_bNULL
_c1952
300 _a100
650 _aSAVILLS SYSTEM OF CLINICAL MEDICINE
999 _c497031
_d497031